000 00728nas a2200241 4500
001 BR7902462
003 BR-BrBNA
005 20231205083711.0
007 ta
008 230509b bl.|||p| |||| 00| 00por d
040 _aBR-BrBNA
_bpor
_cBiblioteca Nacional de Agricultura
041 _a(Pt)
072 _aE15
100 1 _aCalegar, G.M.
100 1 _aBarbosa, t.
245 1 _aMudanca tecnologica e distribuicao de renda: um estudo de caso
_bParte de tese
650 _aMicroeconomia
650 _aTecnologia agricola
650 _aRenda
773 0 _tRevista de Economia Rural (Brazil)
_xISSN 0100-4905
_g(Jul 1978), v. 16(3) p. 107-127
_wBR7902462
909 _a202311
_bLúcia
_c55
_dLúcia Elande
942 _2AGRIS
_n0
_cANA
999 _c100653
_d100653